01564nam a2200265Ia 450000100060000000300090000600800410001504000130005604000130006904100130008210000200009510000290011524500760014424500760022025000110029626000110030726000150031826000490033330000560038250007460043865000360118465000310122070000180125170000290126996613IT-RoPAU130308s9999 xx 000 0 und d aIT-RoPAU cIT-RoPAU aITALIANO aDe Fusco Renato gCodice Aut. SPICS: 7454 aNuove idee di architettura (Le)-Storia della critica da Rogers a Jencks bNuove Idee di Architettura (Le)-Storia della Critica da Rogers a Jencks a1a ed. aMILANO bEtas Libri c1991 [1° Ed.:1991 - Ed.Ling.Originale:1991] a"336 p. (prefazione: 10; testo: 326 [pagine: 0-0])" a"Questione del Movimento Moderno Avanguardia e storicismo Autonomia ed Eteronomia Produzione Scientifica Teoria dei Modelli Teoria dell'informazione nodo della Storia carattere di Individualità Causalità Selettività Storiae progettazione centri storici piano e progetto Architettura Come Mass medium Analogie pop Art e Architettura Logotecnica Strutturalismo e Architettura Due Significati del Termine Struttura storicismo e Strutturalismo Semiologia Architettonica Significante/Significato Sintagmatico/Associativo Langue/Parole Architettura nella Condizione Postmoderna Architettura Radicale Concettualismo in Architettura Poetica Postmoderna Come ""Vulgata"" Semiologicarapporto con Il Luogo Decostruttivismo Ermeneutica e Progetto" aTEORIA/LINGUAGGI DI URBANISTICA eCodice materia Spics: 5353 aLenza Cettina gCodice Aut. SPICS: 15293